000 00307nam a2200133Ia 4500
008 200103s9999||||xx |||||||||||||| ||und||
040 _aIMU-MPC
082 _aColumn-61
100 _aLudlum, Robert
245 4 _aThe Matlock Paper
260 _bBantam Books, New York
_c1973
300 _a384
942 _cBK
999 _c11081
_d11081